000 01455nam a2200289 a 4500
001 000009956
005 20250128193628.0
008 091002s2007 dr ac 001 0 spa d
020 _a9789945406573
040 _aDO-SdBNP
_bspa
_cBNPHU
082 _axxxx
_bE774J
100 1 _aEspinal Hernández, Edwin,
_d1971-
_98396
245 1 0 _aJosé Batlle Filbá :
_bdel Maresme catalán al Cibao dominicano /
_cEdwin Espinal Hernández ;presentación Gustavo A. Tavarez E.
260 _aSanto Domingo :
_bInstituto Dominicano de Genialogía,
_c2007.
300 _a203 p. :
_bil., retrs. ;
_c28.
490 1 _aHistoria familiar
_v4
500 _aFuente fotografícas Archivo históricode Santiago
500 _aIncluye índice
500 _aIncluye referencias bibliográficas y notas al pie de las páginas
500 _aGonzález Hernández (reporte genialógico)
500 _aIncluye datos biográficos del autor en la solapa
504 _aIncluye bibliografía (p. 197 -199)
505 2 _aAbreviaturas -- Presentación -- Introducción -- Cronología -- Estampas -- Capítulo I -- Capítulo II -- Capítulo III -- Capítulo IV -- Capítulo V -- Capítulo VI -- Capítulo VII -- Capítulo VIII -- Capítulo IX -- Capítulo X -- Anexos Iconografía de la familia Batlle Espaillar -- Descendencia de José Batlle Filbá -- Puentes y bibliografía.
700 1 _aTavarez E., Gustavo A.
_924903
830 0 _aHistoria familiar
_n4
_924904
049 _aBNPD
999 _c9715
_d9715